01661nam a2200349 c 450000100060000000300100000600500170001600700030003300800410003602000180007704000350009504100080013004300120013808400060015010000350015624500930019125000230028426400540030730000420036133600290040333700330043233800280046552004550049352100680094854500420101665000470105865000420110565000390114765000490118665000510123570000250128659614CO-BoRNBP20251024150821.0ta250202s2024 ck a|||br||| 000 0fdspa d a9786287754393 aCO-BoRNBPbspaerdacCO-BoRNBP0 aspa as-ck--- aN aBuitrago, Jairo,d1970- ,eaut10aLeonor y Sansón :buna historia con león /cJairo Buitrago ; ilustraciones de Gusti. aEdición especial 1aBogotá, Colombia :bMacmillan Publishers,c2024 a60 páginas :bilustraciones a color atextobtxt2rdacontenido asin mediaciónbn2rdamedio avolumenbnc2rdasoporte aLa vida rutinaria de un hombre cambia cuando un niño empieza a visitarlo por las tardes. En sus conversaciones, el niño plantea la idea de salvar a un león, Sansón, del cautiverio del circo. Así, cuando conocen a Leonor, una niña con la misma intención de liberar al animal, empieza la misión de los tres amigos para soltar a Sansón. Una historia conmovedora sobre las amistades poco convencionales y la empatía hacia los animales aRecomendado para un público infantil a partir de los 6 años aIncluye datos biográficos del autor04aNovela infantil colombianaySiglo XX2LEMB07aRescate animal en la literatura2lemb07aSolidaridad en la literatura2LEMB07aTrato de los animales en la literatura2lemb04aLiteratura infantil colombianaySiglo XX2LEMB aGusti,d1963- ,eill